000 00277nam a22001337a 4500
008 170620b xxu||||| |||| 00| 0 eng d
020 _a9780813343525
041 _aeng
080 _a93
100 _a20
101 _aSHH
245 _aINDIA
_cSARDESAI, D.R
942 _2udc
_cBK
999 _c18283
_d18283